| Tag |
First Indicator |
Second Indicator |
Subfields |
| LEADER |
00000cam a22000007 4500 |
| 001 |
in00000282932 |
| 005 |
20240426173754.0 |
| 008 |
770504s1970 nyua b 000 0 eng d |
| 019 |
|
|
|a 3859113
|
| 020 |
|
|
|a 0394462610
|
| 020 |
|
|
|a 9780394462615
|
| 029 |
1 |
|
|a AU@
|b 000043292123
|
| 029 |
1 |
|
|a DEBBG
|b BV012437103
|
| 029 |
1 |
|
|a NLGGC
|b 781996104
|
| 035 |
|
|
|a (OCoLC)ocm02941241
|
| 035 |
|
|
|a (OCoLC)2941241
|z (OCoLC)3859113
|
| 035 |
|
|
|a (OCoLC)ocm02941241
|
| 040 |
|
|
|a DMM
|b eng
|c DMM
|d OCL
|d TLM
|d BHS
|d OCL
|d OCLCG
|d ZOW
|d DEBBG
|d CNCEN
|d TULIB
|d OCLCQ
|d OCLCF
|d OCLCO
|d OCLCQ
|d ZKN
|d OCLCO
|d OCLCL
|d OCLCQ
|
| 043 |
|
|
|a a-cc---
|
| 050 |
|
4 |
|a DS777.55
|b .S6 1970
|
| 082 |
0 |
4 |
|a 951.05
|b S6742R
|
| 100 |
1 |
|
|a Snow, Edgar,
|d 1905-1972.
|1 https://id.oclc.org/worldcat/entity/E39PBJdcyF6MHyVtKXw7PdyKh3
|
| 245 |
1 |
0 |
|a Red China today.
|
| 260 |
|
|
|a New York,
|b Random House
|c [1970]
|
| 300 |
|
|
|a 749 pages
|b illustrations
|
| 336 |
|
|
|a text
|b txt
|2 rdacontent
|
| 337 |
|
|
|a unmediated
|b n
|2 rdamedia
|
| 338 |
|
|
|a volume
|b nc
|2 rdacarrier
|
| 500 |
|
|
|a Rev. and updated ed. of The other side of the river.
|
| 504 |
|
|
|a Includes bibliographical references (pages 725-734).
|
| 520 |
|
|
|a Serves as a record of China of the 1950's and the 1960's.
|
| 505 |
0 |
|
|a Rediscovering China -- Where the waves beat -- Socialist construction -- The democratic dictatorship -- Northwest: Old cradle of New China -- Shanghai and beyond -- The long March ahead.
|
| 651 |
|
0 |
|a China.
|
| 651 |
|
7 |
|a China.
|2 fast
|0 (OCoLC)fst01206073
|1 https://id.oclc.org/worldcat/entity/E39PBJcrd4RjtCBk4wfMhTwwG3
|
| 758 |
|
|
|i has work:
|a Red China today (Text)
|1 https://id.oclc.org/worldcat/entity/E39PCFQQPM4WWpqjGKhqJDV7Xm
|4 https://id.oclc.org/worldcat/ontology/hasWork
|
| 776 |
0 |
8 |
|i Online version:
|a Snow, Edgar, 1905-1972.
|t Red China today.
|d New York, Random House [1970]
|w (OCoLC)647389436
|
| 948 |
|
|
|h HELD BY TXA - 174 OTHER HOLDINGS
|
| 994 |
|
|
|a Z0
|b TXA
|
| 999 |
f |
f |
|s 46912de1-c993-3197-a02a-444b2e92e9eb
|i 45b450d2-7f33-353b-adb4-45af85a9040b
|t 0
|
| 952 |
f |
f |
|p ric
|a Texas A&M University
|b Rellis Campus
|c Joint Library Facility
|s JLF
|d Remote Storage
|t 0
|e DS777.55 .S6 1970
|h Library of Congress classification
|i unmediated -- volume
|m A14802028467
|
| 952 |
f |
f |
|a Texas A&M University
|b College Station
|c Sterling C. Evans Library
|s Evans Withdrawn (Evans)
|d SUPPRESSED
|t 1
|e DS777.55 .S6 1970
|h Library of Congress classification
|